000 00413nam a2200157Ia 4500
008 160316s2009 xxu||||| |||| 00| 0 eng d
082 _a344.046000
_bMAL
100 _aMallick M R
245 _aEnvironment and pollustion laws
250 _a
260 _aDelhi
_bProfessional Book Publishers
_c2009
300 _a810p
_b
_c
365 _b Rs. 395
650 _a1.Environmental Law - Acts - Rules
700 _a
_a
999 _c25949
_d25949